000 00517nam a2200217Ia 4500
003 OSt
005 20221007083154.0
006 a|||||r|||| 00| 0
007 ta
008 221006b |||||||| |||| 00| 0 eng d
024 _a38,648
037 _cDissertations
040 _aFLL
_cFLL
_beng
041 _2eng
_aeng
100 _aGupta Om Prakash
245 0 _aControl of tax evasion
260 _c1989
300 _axiv,185p
_ccm.
942 _cDIS
_2CC
999 _c1169083
_d1169083